Host Cities of Eurovision - Statistics

General Stats
  • This quiz has been taken 188 times
    38 since last reset
  • The average score is 59 of 70
Answer Stats
Year Host City % Correct
1964 Copenhagen
100%
2001 Copenhagen
100%
2014 Copenhagen
100%
1971 Dublin
100%
1981 Dublin
100%
1988 Dublin
100%
1994 Dublin
100%
1995 Dublin
100%
1997 Dublin
100%
2018 Lisbon
100%
1996 Oslo
100%
2010 Oslo
100%
1970 Amsterdam
97%
1960 London
97%
1963 London
97%
1968 London
97%
1977 London
97%
2009 Moscow
97%
1978 Paris
97%
1975 Stockholm
97%
2000 Stockholm
97%
2016 Stockholm
97%
1967 Vienna
97%
2015 Vienna
97%
2026 Vienna
97%
2006 Athens
94%
2007 Helsinki
94%
2003 Riga
94%
1991 Rome
94%
2021 Rotterdam
94%
2002 Tallinn
94%
2005 Kyiv
91%
2017 Kyiv
91%
1992 Malmö
91%
2013 Malmö
91%
2024 Malmö
91%
2019 Tel Aviv
91%
2022 Turin
91%
1987 Brussels
88%
2023 Liverpool
88%
2025 Basel
85%
1969 Madrid
85%
1983 Munich
85%
2008 Belgrade
82%
2004 Istanbul
82%
1962 Luxembourg City
82%
1966 Luxembourg City
82%
1973 Luxembourg City
82%
1984 Luxembourg City
82%
2012 Baku
79%
1998 Birmingham
79%
1972 Edinburgh
79%
1985 Gothenburg
79%
1965 Naples
79%
1957 Frankfurt
73%
1979 Jerusalem
73%
1999 Jerusalem
73%
1990 Zagreb
73%
1986 Bergen
64%
2011 Düsseldorf
64%
1976 The Hague
64%
1980 The Hague
64%
1974 Brighton
48%
1959 Cannes
48%
1961 Cannes
48%
1989 Lausanne
45%
1993 Millstreet
42%
1958 Hilversum
39%
1956 Lugano
39%
1982 Harrogate
33%
No matching quizzes found
Score Distribution
Percent of People with Each Score
Percentile by Number Answered
Your Score History
You have not taken this quiz since the last reset